Skyrim Armour Sets - Statistics

General Stats
  • This quiz has been taken 242 times
  • The average score is 19 of 40
Answer Stats
Hint Answer % Correct
Worn by the Dragonborn in the games' trailer Iron Armour
91%
Worn by every housecarl Steel Armour
89%
Demonic-looking armour Daedric Armour
86%
"Long live the Emperor! Long live the Empire!" Imperial Armour
86%
Made from tanned animal skins Leather Armour
85%
Worn by the Dwemer Dwarven Armour
81%
Worn by Ulfric's followers Stormcloak Armour
79%
_____ & Ivory Ebony Armour
77%
Worn by the Thalmor Elven Armour
77%
Made from Alduin's scales Dragonscale Armour
74%
Made of Moonstone and Malachite Glass Armour
72%
Worn by bandits and can be crafted Hide Armour
63%
Brown armour worn by thieves Thieves Guild Armour
61%
Worn by Uthgerd the Unbroken Steel Plate Armour
59%
Worn by bandits but cannot be crafted Fur Armour
58%
Worn by Aela the Huntress Ancient Nord Armour
57%
Worn by those dedicated to the service of the Daedric Prince Nocturnal Nightingale Armour
57%
Worn by vampire hunters (light & heavy) Dawnguard Armour
52%
Worn by the former protectors of the Emperor Blades Armour
49%
"My blood is calm, I prefer it boiling" Orcish Armour
48%
Worn by Skjor Wolf Armour
47%
Worn by the Redoran guards Bonemold Armour
43%
Made of enchanted ice (light & heavy) Stalhrim Armour
41%
Made from dead insects (light & heavy) Falmer Armour
40%
Made from Alduin's bones Dragonplate Armour
38%
"Hail Sithis!" Shrouded Armour
37%
Worn by Vorstag Scaled Armour
28%
A gift given for helping Madanach escape Cidhna Mine Armour of the Old Gods
27%
Worn by the master thieves Guild Master's Armour
27%
Worn by the current protectors of the Emperor Penitus Oculatus Armour
27%
Worn by the Nord villagers of Solstheim Skaal Armour
27%
Worn by Ulfric's followers of higher rank Stormcloak Officer Armour
27%
Worn by Frea Nordic Carved Armour
23%
All pieces of this armour are scattered across Solstheim Deathbrand Armour
21%
Worn by the Dark Brotherhood's counterpart Morag Tong Armour
16%
Worn by Gelebor and Vythur Ancient Falmer Armour
14%
Grey armour worn by thieves; found in Solstheim Blackguard's Armour
13%
Worn by the leader of the rival thieves guild, the Summerset Shadows Linwe's Armour
10%
An enchanted variant of ancient armour obtained from Kolbjorn Barrow Ahzidal's Armour
9%
Worn by the reavers of Solstheim (light & heavy) Chitin Armour
7%
No matching quizzes found
Score Distribution
Percent of People with Each Score
Percentile by Number Answered
Your Score History
You have not taken this quiz